| 000 | 01871cam a22002413a 4500 | ||
|---|---|---|---|
| 001 | 3238 | ||
| 003 | PGUSA | ||
| 005 | 20140828083029.0 | ||
| 008 | 020501s2002||||xxu|||||s|||||000 p eng d | ||
| 040 |
_aPGUSA _beng |
||
| 042 | _adc | ||
| 050 | 4 | _aPS | |
| 100 | 1 |
_aWilcox, Ella Wheeler, _d1850-1919 |
|
| 245 | 1 | 0 |
_aPoems of Cheer _h[electronic resource] / _cElla Wheeler Wilcox |
| 260 |
_bProject Gutenberg, _c2002 |
||
| 505 | 0 | _aWorth while -- The house of life -- A song of life -- Prayer -- In the long run -- As you go through life -- Two sunsets -- Unrest -- Artist's life -- Nothing but stones -- Inevitable -- The ocean of song -- "It might have been" -- Momus, god of laughter -- I dream -- The sonnet -- The past -- A dream -- Uselessness -- Will -- Winter rain -- Life -- Burdened -- Let them go -- Five kisses -- Retrospection -- Helena -- Nothing remains -- Comrades -- What gain? -- To the west -- The land of content -- Warning -- After the battles are over -- And they are dumb -- Night -- All for me -- Into space -- Through dim eyes -- The punished -- Half fledged -- The year -- The unattained -- In the crowd -- Life and i -- Guerdon -- Snowed under -- "Leudemanns-on-the-River" -- Little Blue Hood -- No spring -- Midsummer -- A reminiscence -- A girl's faith -- Two -- Slipping away -- Is it done? -- A leaf -- Aesthetic -- Poems of the week -- Ghosts -- Fleeing away -- All mad -- Hidden gems -- By-and-bye -- Over the May hill -- Foes -- Friendship -- Two sat down -- Bound and free -- Aquileia -- Wishes for a little girl -- Romney -- My home -- To marry or not to marry? -- An afternoon -- River and sea -- What happens? -- Possession. | |
| 506 | _aPublic domain in the USA. | ||
| 516 | _aElectronic text | ||
| 653 | _aAmerican poetry | ||
| 830 | 0 |
_aProject Gutenberg _v3238 |
|
| 856 | 4 | 0 | _uhttp://www.gutenberg.org/ebooks/3238 |
| 942 | _cEB | ||
| 999 |
_c232567 _d232567 |
||